[Event "?"]
[Site "?"]
[Date "????.??.??"]
[Round "?"]
[White "Wantiez, Fabrice"]
[Black "Bruns, Michael"]
[Result "1-0"]
[WhiteElo "2207"]
[BlackElo "2071"]
[Annotator "3-17"]
[PlyCount "41"]
[SourceDate "2004.08.10"]

1. e4 c5 2. Nf3 d6 3. d4 cxd4 4. Nxd4 Nf6 5. Nc3 g6 6. Be3 Bg7 7. f3 Nc6 8. Qd2
O-O 9. Bc4 Bd7 10. Bb3 Ne5 11. Bh6 Rc8 12. h4 Qa5 13. O-O-O Bxh6 14. Qxh6 Rxc3
15. bxc3 Qxc3 16. Ne2 Qc5 17. h5 Nc4 18. Rd4 Be6 19. hxg6 fxg6 20. Nf4 Qxd4 21.
Qxf8+ 1-0

[Event "?"]
[Site "?"]
[Date "????.??.??"]
[Round "?"]
[White "Campeau, Jayson"]
[Black "Adolfssen, Rico"]
[Result "0-1"]
[WhiteElo "1056"]
[BlackElo "1707"]
[Annotator "3-40"]
[PlyCount "66"]
[SourceDate "2004.08.10"]

1. e4 e6 2. d4 d5 3. e5 c5 4. Nf3 Nc6 5. Bb5 Bd7 6. O-O cxd4 7. Nxd4 Nxe5 8.
Bf4 Ng6 9. Be3 Bd6 10. c4 e5 11. Ne2 Bxb5 12. cxb5 d4 13. Bd2 Rc8 14. Ng3 N8e7
15. Qa4 Qd7 16. Na3 O-O 17. Qxa7 Ra8 18. Qxa8 Rxa8 19. Rac1 Bxa3 20. bxa3 f5
21. Bb4 Nd5 22. Rc2 Nxb4 23. axb4 Ne7 24. Rc5 e4 25. Rd1 Rxa2 26. Rc4 d3 27.
Nf1 Qd5 28. Rc7 Qd4 29. Ne3 f4 30. Ng4 h5 31. Nh6+ gxh6 32. Rf1 Rxf2 33. Rxf2
d2 0-1

[Event "?"]
[Site "?"]
[Date "????.??.??"]
[Round "?"]
[White "De Cat, Ben"]
[Black "Bieluszewski, Pjotr"]
[Result "0-1"]
[WhiteElo "1988"]
[BlackElo "2169"]
[Annotator "3-23"]
[PlyCount "52"]
[SourceDate "2004.08.10"]

1. b4 a5 2. b5 c5 3. e3 d5 4. Bb2 Nd7 5. f4 Ngf6 6. Nf3 e6 7. c4 Bd6 8. Nc3 Nb6
9. cxd5 exd5 10. a4 O-O 11. Be2 Re8 12. Qc2 d4 13. exd4 cxd4 14. Nxd4 Nc4 15.
Nb3 Bg4 16. Nc1 Bxf4 17. O-O Qd4+ 18. Kh1 Nxb2 19. Nb3 Qe5 20. Bxg4 Nxg4 21. d4
Qg5 22. g3 Bxg3 23. hxg3 Re3 24. Rf2 Nxf2+ 25. Qxf2 Rxc3 26. Rf1 Qd5+ 0-1

[Event "?"]
[Site "?"]
[Date "????.??.??"]
[Round "?"]
[White "Nilsson, Erik"]
[Black "Lillevold, Frode"]
[Result "1/2-1/2"]
[WhiteElo "2175"]
[BlackElo "2097"]
[Annotator "3-11"]
[PlyCount "45"]
[SourceDate "2004.08.10"]

1. d4 d5 2. c4 e6 3. Nc3 Nf6 4. cxd5 exd5 5. Bg5 c6 6. Qc2 Be7 7. e3 O-O 8. Bd3
Nbd7 9. Nge2 Re8 10. O-O Ne4 11. Bf4 Nef6 12. Nb5 Nf8 13. Nc7 Ne6 14. Nxa8 Nxf4
15. Nxf4 Bd7 16. Bf5 Qxa8 17. Bxd7 Nxd7 18. Nd3 Bd6 19. b4 Nf6 20. a4 Qd8 21.
b5 cxb5 22. axb5 h5 23. Rxa7 1/2-1/2

[Event "?"]
[Site "?"]
[Date "????.??.??"]
[Round "?"]
[White "Smith, Bryan"]
[Black "Charles, Freddy"]
[Result "1/2-1/2"]
[WhiteElo "1400"]
[BlackElo "1820"]
[Annotator "3-39"]
[PlyCount "96"]
[SourceDate "2004.08.10"]

1. c4 Nf6 2. Nc3 g6 3. d4 d5 4. cxd5 Nxd5 5. e4 Nxc3 6. bxc3 Bg7 7. Nf3 O-O 8.
Bc4 c5 9. Be3 Bg4 10. Be2 Bxf3 11. Bxf3 Nc6 12. e5 cxd4 13. cxd4 Rc8 14. O-O
Na5 15. Be2 b6 16. Qd2 Nc4 17. Bxc4 Rxc4 18. Rac1 Rxc1 19. Rxc1 e6 20. Rc3 Qd5
21. Qc2 Rd8 22. f4 h5 23. h4 Bf8 24. a3 Qa5 25. Qc1 Be7 26. g3 Qd5 27. Bf2 Bf8
28. Qc2 b5 29. Qd3 b4 30. axb4 Bxb4 31. Rc7 a5 32. Qc4 Qxc4 33. Rxc4 Ra8 34.
Kf1 Bf8 35. Ra4 Bb4 36. Be1 Rb8 37. Bxb4 axb4 38. Ra2 b3 39. Rb2 Kg7 40. Ke2 f6
41. Kd3 f5 42. Kc3 Rc8+ 43. Kxb3 Rd8 44. Kc4 Rc8+ 45. Kd3 Rc7 46. Rb3 Kf7 47.
Rc3 Ra7 48. Ke3 Rd7 1/2-1/2

[Event "?"]
[Site "?"]
[Date "????.??.??"]
[Round "?"]
[White "Victoria, Narciso"]
[Black "Kocur, Marc"]
[Result "1-0"]
[WhiteElo "2192"]
[BlackElo "2013"]
[Annotator "3-21"]
[PlyCount "81"]
[SourceDate "2004.08.10"]

1. c4 f5 2. Nc3 Nf6 3. g3 Nc6 4. Bg2 e5 5. d3 Bb4 6. e3 Bxc3+ 7. bxc3 O-O 8.
Ne2 d6 9. Rb1 Qe8 10. O-O Qg6 11. Kh1 Kh8 12. c5 dxc5 13. Ba3 Nd7 14. d4 f4 15.
exf4 exd4 16. cxd4 Rd8 17. d5 Ne7 18. Qc1 Nb6 19. Qxc5 Nexd5 20. Nd4 Nf6 21.
Nf3 Ne4 22. Qc1 Bg4 23. Ne5 Qf5 24. Nxg4 Nd2 25. Ne5 Nxf1 26. Bxf1 Rd4 27. Bc5
Rd5 28. Bxb6 axb6 29. Bc4 Rc5 30. Nf7+ Qxf7 31. Bxf7 Rxc1+ 32. Rxc1 c5 33. Re1
b5 34. Re8+ Rxe8 35. Bxe8 b4 36. Bb5 Kg8 37. Kg2 Kf7 38. Kf3 Ke6 39. Ke4 Kd6
40. f5 h6 41. g4 1-0

[Event "?"]
[Site "?"]
[Date "????.??.??"]
[Round "?"]
[White "van den Heuvel, Tonnie"]
[Black "Lebel, Patrick"]
[Result "1/2-1/2"]
[WhiteElo "1962"]
[BlackElo "2151"]
[Annotator "3-25"]
[PlyCount "35"]
[EventDate "2004.08.10"]
[SourceDate "2004.08.10"]

1. e4 Nf6 2. e5 Nd5 3. d4 d6 4. Nf3 Bg4 5. Be2 c6 6. c4 Nb6 7. Nbd2 N8d7 8. O-O
dxe5 9. dxe5 e6 10. b3 Be7 11. Bb2 Qc7 12. Ne1 Bxe2 13. Qxe2 Nc5 14. Ne4 Nxe4
15. Qxe4 Nd7 16. Nd3 Nc5 17. Nxc5 Bxc5 18. Rad1 1/2-1/2

[Event "?"]
[Site "?"]
[Date "????.??.??"]
[Round "?"]
[White "van der Walle, Rob"]
[Black "Keough, Robert"]
[Result "0-1"]
[WhiteElo "1935"]
[BlackElo "2080"]
[Annotator "3-32"]
[PlyCount "44"]
[EventDate "2004.08.10"]
[SourceDate "2004.08.10"]

1. d4 Nf6 2. Bg5 e6 3. e4 h6 4. Bxf6 Qxf6 5. c3 b6 6. Bd3 d5 7. Nd2 Bb7 8. e5
Qd8 9. f4 c5 10. Ngf3 Nc6 11. a3 g5 12. g3 g4 13. Nh4 Be7 14. Qxg4 Bxh4 15.
gxh4 cxd4 16. Nf3 dxc3 17. bxc3 Qe7 18. Rf1 O-O-O 19. f5 Kb8 20. Qf4 Qc5 21. c4
dxc4 22. Bxc4 Nd4 0-1

[Event "?"]
[Site "?"]
[Date "????.??.??"]
[Round "?"]
[White "Leblanc, Paul"]
[Black "Crapulli, Giuseppe"]
[Result "1/2-1/2"]
[WhiteElo "1884"]
[BlackElo "1970"]
[Annotator "3-33"]
[PlyCount "52"]
[EventDate "2004.08.10"]
[SourceDate "2004.08.10"]

1. d4 Nf6 2. g3 e6 3. Bg2 d5 4. Nf3 Be7 5. c4 O-O 6. O-O c6 7. Nc3 Nbd7 8. b3
b6 9. Bb2 Bb7 10. e3 c5 11. Ne5 Rb8 12. Qd2 a6 13. Rfd1 cxd4 14. exd4 Qc7 15.
Rac1 dxc4 16. Bxb7 Qxb7 17. Nxd7 Qxd7 18. bxc4 Rbc8 19. Qd3 Qc6 20. d5 Qxc4 21.
d6 Qxd3 22. Rxd3 Bd8 23. d7 Rc7 24. Ba3 Rxd7 25. Rxd7 Nxd7 26. Bxf8 Kxf8
1/2-1/2

[Event "?"]
[Site "?"]
[Date "????.??.??"]
[Round "?"]
[White "Alaslar, Devrim"]
[Black "Hammond, Andrew"]
[Result "0-1"]
[WhiteElo "2051"]
[BlackElo "2210"]
[Annotator "3-16"]
[PlyCount "64"]
[EventDate "2004.08.10"]
[SourceDate "2004.08.10"]

1. e4 c5 2. Nf3 e6 3. d4 cxd4 4. Nxd4 Nc6 5. Nc3 a6 6. Be3 Nf6 7. Bd3 Qc7 8.
Nb3 b5 9. a4 b4 10. Ne2 d5 11. Ng3 h5 12. exd5 Nxd5 13. Qd2 h4 14. Ne2 h3 15.
g3 Ne5 16. Ned4 Bb7 17. f3 Rd8 18. O-O Nxe3 19. Qxe3 Nxd3 20. cxd3 Qb6 21. a5
Qd6 22. Rfd1 Rh5 23. Ne2 Re5 24. Qf2 Rf5 25. Ned4 Rd5 26. Rac1 Be7 27. f4 Bf6
28. Nf3 Rxd3 29. Rxd3 Qxd3 30. Nbd2 Bxb2 31. Rc7 Bxf3 32. Nxf3 Qb1+ 0-1

[Event "?"]
[Site "?"]
[Date "????.??.??"]
[Round "?"]
[White "Nielsen, Rene Ole"]
[Black "Bellardi, Michel"]
[Result "1-0"]
[WhiteElo "2202"]
[BlackElo "2063"]
[Annotator "3-18"]
[PlyCount "55"]
[EventDate "2004.08.10"]
[SourceDate "2004.08.10"]

1. e4 Nf6 2. e5 Nd5 3. d4 d6 4. c4 Nb6 5. Nf3 g6 6. Nc3 Bg7 7. exd6 cxd6 8. h3
O-O 9. Be2 Nc6 10. Be3 e5 11. O-O f5 12. dxe5 Nxe5 13. Qb3 Be6 14. Ng5 Qc8 15.
Nxe6 Qxe6 16. Bxb6 axb6 17. Nd5 Nc6 18. Bd3 Nd4 19. Qxb6 f4 20. Rfe1 Nf3+ 21.
gxf3 Qxh3 22. Re7 Be5 23. Rxe5 dxe5 24. Qxb7 Qh4 25. Qe7 Qh3 26. Be4 Ra6 27.
Qxe5 Re6 28. Nxf4 1-0

[Event "?"]
[Site "?"]
[Date "????.??.??"]
[Round "?"]
[White "Kraft, Matthias"]
[Black "van Zandwijk, Jan Peter"]
[Result "1-0"]
[WhiteElo "2100"]
[BlackElo "2256"]
[Annotator "3-06"]
[PlyCount "85"]
[EventDate "2004.08.10"]
[SourceDate "2004.08.10"]

1. Nf3 d5 2. b3 c5 3. Bb2 f6 4. e3 e5 5. d4 e4 6. Nfd2 cxd4 7. exd4 f5 8. c4
Nf6 9. Nc3 Be6 10. cxd5 Nxd5 11. Bb5+ Nc6 12. O-O Qh4 13. Nxd5 Bxd5 14. Qe2 Bd6
15. g3 Qe7 16. Bc4 Bxc4 17. bxc4 O-O 18. c5 Bb8 19. d5 Ne5 20. d6 Qe6 21. Bxe5
Qxe5 22. Qc4+ Kh8 23. Nb3 b6 24. Rad1 Rd8 25. Rd5 Qf6 26. Rfd1 bxc5 27. Qxc5 a5
28. d7 Ba7 29. Qc7 Bb6 30. Qc4 Qe6 31. Nc5 Bxc5 32. Qxc5 h6 33. Re5 Qxa2 34.
Re7 Qb2 35. Qxf5 Rf8 36. Rf7 Rfd8 37. Qxe4 a4 38. Re7 Rf8 39. Qe3 Qb3 40. Re1
Qxe3 41. R1xe3 Kg8 42. Re8 Kf7 43. R3e7+ 1-0

[Event "?"]
[Site "?"]
[Date "????.??.??"]
[Round "?"]
[White "Indbryn, Tommy"]
[Black "Parker, Glen"]
[Result "1-0"]
[WhiteElo "2129"]
[BlackElo "1900"]
[Annotator "3-27"]
[PlyCount "95"]
[EventDate "2004.08.10"]
[SourceDate "2004.08.10"]

1. e4 e5 2. Nf3 Nc6 3. Nc3 Bc5 4. Nxe5 Bxf2+ 5. Kxf2 Nxe5 6. d4 Nc6 7. Be3 d6
8. Be2 Nf6 9. h3 O-O 10. Bf3 Ne7 11. Rf1 Ng6 12. Kg1 Re8 13. Bf2 Rb8 14. h4 b5
15. h5 Nf8 16. Bh4 N8d7 17. h6 c6 18. e5 dxe5 19. Bxc6 Qb6 20. Bxf6 Qxc6 21.
Bxg7 b4 22. Qh5 Qg6 23. Qxg6 hxg6 24. Ne4 f5 25. Nd6 Re6 26. dxe5 Nxe5 27. Rae1
Ng4 28. Rxe6 Bxe6 29. Re1 Bxa2 30. b3 Rd8 31. Nc4 Kh7 32. Kf1 Nxh6 33. Bxh6
Kxh6 34. Ra1 Bxb3 35. cxb3 Rd3 36. Na5 Kg5 37. Ra4 Kf4 38. Ke2 Rc3 39. Rxb4+
Kg3 40. Rc4 Rxc4 41. bxc4 Kxg2 42. c5 f4 43. Nc4 g5 44. c6 g4 45. c7 f3+ 46.
Kd2 f2 47. Ne3+ Kg1 48. c8=Q 1-0

[Event "?"]
[Site "?"]
[Date "????.??.??"]
[Round "?"]
[White "Olesen, Michael Jacob"]
[Black "Falbo, Sandro"]
[Result "1/2-1/2"]
[WhiteElo "1845"]
[BlackElo "2204"]
[Annotator "3-10"]
[PlyCount "45"]
[EventDate "2004.08.10"]
[SourceDate "2004.08.10"]

1. d4 Nf6 2. c4 g6 3. Nf3 Bg7 4. Nc3 O-O 5. g3 d6 6. Bg2 Nc6 7. O-O a6 8. Re1
Rb8 9. e4 b5 10. cxb5 axb5 11. e5 dxe5 12. dxe5 Qxd1 13. Nxd1 Ng4 14. Bf4 Nb4
15. Nd4 Nd3 16. Re2 c5 17. Nc6 Rb7 18. Bg5 f6 19. exf6 exf6 20. Bd2 Nge5 21.
Nxe5 Nxe5 22. Bxb7 Bxb7 23. Be3 1/2-1/2

[Event "?"]
[Site "?"]
[Date "????.??.??"]
[Round "?"]
[White "van Run, Rieke"]
[Black "Parisse, Denis"]
[Result "1/2-1/2"]
[WhiteElo "2133"]
[BlackElo "1960"]
[Annotator "3-26"]
[PlyCount "47"]
[SourceDate "2004.08.10"]

1. e4 e6 2. d4 d5 3. Nd2 Nf6 4. Bd3 c5 5. e5 Nfd7 6. c3 Nc6 7. Ne2 cxd4 8. cxd4
Qb6 9. Nf3 Be7 10. O-O f6 11. exf6 Bxf6 12. Re1 O-O 13. Bb1 Rf7 14. Qc2 Nf8 15.
Be3 Bd7 16. Qd2 Rc8 17. Bd3 Nb4 18. Nf4 Nxd3 19. Nxd3 Be8 20. Rac1 Rfc7 21.
Nde5 a6 22. Rxc7 Rxc7 23. Rc1 Ng6 24. a3 1/2-1/2

[Event "?"]
[Site "?"]
[Date "????.??.??"]
[Round "?"]
[White "Koopmeiners, Karl"]
[Black "Stuhr, Finn"]
[Result "0-1"]
[WhiteElo "1955"]
[BlackElo "1483"]
[Annotator "3-35"]
[PlyCount "66"]
[SourceDate "2004.08.10"]

1. d4 Nf6 2. c4 b6 3. Nf3 Bb7 4. g3 d6 5. Bg2 e6 6. O-O Nbd7 7. Nc3 Rc8 8. d5
exd5 9. cxd5 Qe7 10. Re1 Ne4 11. Nxe4 Qxe4 12. Nd4 Qe5 13. e4 g6 14. f4 Qf6 15.
Nf3 Be7 16. Be3 Qg7 17. e5 O-O 18. Bh3 f5 19. Bg2 dxe5 20. fxe5 Nxe5 21. Nxe5
Qxe5 22. Bh6 Bc5+ 23. Kh1 Qxb2 24. Bxf8 Rxf8 25. Re2 Qb4 26. Rb1 Qg4 27. Re6
Qg5 28. Qa4 f4 29. gxf4 Rxf4 30. Re8+ Kg7 31. Qd7+ Rf7 32. Qe6 Bd6 33. Rd8 Qh5
0-1

[Event "?"]
[Site "?"]
[Date "????.??.??"]
[Round "?"]
[White "Prostler, Andre"]
[Black "Khalil, Vincent"]
[Result "1-0"]
[WhiteElo "1953"]
[BlackElo "2129"]
[Annotator "3-31"]
[PlyCount "47"]
[SourceDate "2004.08.10"]

1. e4 c5 2. Nf3 e6 3. d4 cxd4 4. Nxd4 a6 5. g3 Nc6 6. Bg2 Nf6 7. O-O Qc7 8. Nc3
Be7 9. Re1 d6 10. Nxc6 bxc6 11. e5 Nd5 12. Nxd5 cxd5 13. exd6 Qxd6 14. c4 Bb7
15. Bf4 Qd7 16. cxd5 Bxd5 17. Bxd5 exd5 18. Rc1 Ra7 19. Be3 Rc7 20. Bc5 Qd8 21.
Qa4+ Kf8 22. Bxe7+ Rxe7 23. Qb4 g6 24. Rxe7 1-0

[Event "?"]
[Site "?"]
[Date "????.??.??"]
[Round "?"]
[White "Skindzier, Saturnin"]
[Black "de Waard, Marco"]
[Result "1-0"]
[WhiteElo "2247"]
[BlackElo "1977"]
[Annotator "3-07"]
[PlyCount "59"]
[SourceDate "2004.08.10"]

1. d4 d5 2. Nf3 Nf6 3. c4 e6 4. Nc3 c6 5. Bg5 h6 6. Bh4 dxc4 7. a4 Bb4 8. e3 b5
9. Be2 Bb7 10. O-O a6 11. Ne5 Qc7 12. Rc1 Nbd7 13. b3 Bxc3 14. Nxd7 Qxd7 15.
Rxc3 Ne4 16. Rc1 g5 17. f3 Nd6 18. Bf2 cxb3 19. Qxb3 Rg8 20. Rc5 g4 21. e4 gxf3
22. Bxf3 Nc4 23. Rd1 Rg5 24. Bh4 Nd2 25. Rxd2 Rxc5 26. Qb2 Rg5 27. d5 O-O-O 28.
Rc2 Kb8 29. Bf2 cxd5 30. Qd4 1-0

[Event "?"]
[Site "?"]
[Date "????.??.??"]
[Round "?"]
[White "Zengin, Sedat"]
[Black "Deleyn, Gunter"]
[Result "1/2-1/2"]
[WhiteElo "2085"]
[BlackElo "2275"]
[Annotator "3-14"]
[PlyCount "122"]
[SourceDate "2004.08.10"]

1. e4 g6 2. d4 Bg7 3. Nf3 d6 4. Be3 Nf6 5. Nc3 O-O 6. Qd2 a6 7. Bd3 Nc6 8. h3
e5 9. d5 Ne7 10. Bh6 Kh8 11. Bxg7+ Kxg7 12. g4 Rh8 13. Nh4 c6 14. Nf5+ Nxf5 15.
gxf5 cxd5 16. exd5 e4 17. Bxe4 Nxe4 18. Nxe4 Bxf5 19. Qd4+ f6 20. O-O-O Bxe4
21. Qxe4 Re8 22. Qb4 Qc7 23. Rhe1 Rac8 24. c3 Rcd8 25. Re4 a5 26. Qd4 Qc5 27.
Qxc5 dxc5 28. Rxe8 Rxe8 29. c4 Kf7 30. a4 Re4 31. b3 Ke7 32. Rd3 Rf4 33. Re3+
Kd7 34. f3 f5 35. Kd2 Rh4 36. Re6 Rxh3 37. Ke3 Rh1 38. Kf4 Rb1 39. Re3 h5 40.
Kg5 Rg1+ 41. Kf6 h4 42. Re7+ Kd6 43. Re6+ Kd7 44. Re7+ Kd6 45. Kf7 Rg5 46. Ke8
Rh5 47. Re6+ Kc7 48. d6+ Kb8 49. Rf6 h3 50. d7 h2 51. d8=Q+ Ka7 52. Qxa5+ Kb8
53. Qd8+ Ka7 54. Rf8 Rh7 55. Qa5+ Kb8 56. Rf7 Rh8+ 57. Kd7 h1=Q 58. Qc7+ Ka8
59. Qa5+ Kb8 60. Qc7+ Ka8 61. Qa5+ Kb8 1/2-1/2

[Event "?"]
[Site "?"]
[Date "????.??.??"]
[Round "?"]
[White "L'Henoret, Thierry"]
[Black "Hole, Oystein"]
[Result "1/2-1/2"]
[WhiteElo "2094"]
[BlackElo "2332"]
[Annotator "3-12"]
[PlyCount "27"]
[EventDate "2004.08.10"]
[SourceDate "2004.08.10"]

1. d4 d5 2. Nf3 Nf6 3. e3 Bf5 4. c4 c6 5. cxd5 cxd5 6. Nc3 Nc6 7. Ne5 e6 8. g4
Bg6 9. h4 h6 10. Nxg6 fxg6 11. Bd3 Kf7 12. Qc2 Nxg4 13. Bxg6+ Kg8 14. Qe2
1/2-1/2

[Event "?"]
[Site "?"]
[Date "????.??.??"]
[Round "?"]
[White "Morrison, Munroe"]
[Black "Celen, Gazi"]
[Result "0-1"]
[WhiteElo "1720"]
[BlackElo "2119"]
[Annotator "3-29"]
[PlyCount "52"]
[EventDate "2004.08.10"]
[SourceDate "2004.08.10"]

1. e4 d5 2. exd5 Qxd5 3. Nc3 Qa5 4. Nf3 Nf6 5. Bc4 Bg4 6. Qe2 Nc6 7. Bb5 e6 8.
h3 Bh5 9. g4 Bg6 10. Ne5 Nd7 11. Nc4 Qb4 12. Nd5 Nd4 13. Qe5 Nxb5 14. Nxb4 Nxe5
15. Nxe5 Bxb4 16. c3 Be7 17. d4 f6 18. Nxg6 hxg6 19. Bf4 Nd6 20. O-O-O g5 21.
Bg3 Ne4 22. Rde1 Nxg3 23. fxg3 Kf7 24. Re3 Bd6 25. h4 gxh4 26. gxh4 Bf4 0-1

[Event "?"]
[Site "?"]
[Date "????.??.??"]
[Round "?"]
[White "Gooris, Jan"]
[Black "Cooper, Lawrence"]
[Result "1/2-1/2"]
[WhiteElo "2113"]
[BlackElo "2315"]
[Annotator "3-04"]
[PlyCount "42"]
[EventDate "2004.08.10"]
[SourceDate "2004.08.10"]

1. e4 e5 2. Nf3 Nc6 3. Bb5 a6 4. Bxc6 dxc6 5. O-O Bd6 6. d4 exd4 7. Qxd4 f6 8.
Be3 Be6 9. Nbd2 Ne7 10. Rad1 Ng6 11. a3 Qe7 12. Nc4 Bxc4 13. Qxc4 O-O-O 14. b4
Rhe8 15. Nd2 Qe6 16. Qe2 f5 17. f3 h6 18. Qf2 Kb8 19. Rfe1 Qf7 20. exf5 Qxf5
21. Ne4 Be7 1/2-1/2

[Event "?"]
[Site "?"]
[Date "????.??.??"]
[Round "?"]
[White "Bon, Michael"]
[Black "Drabke, Lorenz M"]
[Result "0-1"]
[WhiteElo "2163"]
[BlackElo "2428"]
[Annotator "3-01"]
[PlyCount "58"]
[EventDate "2004.08.10"]
[SourceDate "2004.08.10"]

1. e4 c5 2. Nf3 e6 3. d4 cxd4 4. Nxd4 a6 5. Bd3 Nf6 6. Qe2 d6 7. Nc3 Qb6 8. Nb3
Qc7 9. Be3 Be7 10. g4 b5 11. g5 Nfd7 12. f4 Bb7 13. Rg1 Nc5 14. Bd4 b4 15. Nd1
Nxd3+ 16. cxd3 e5 17. Be3 exf4 18. Bxf4 Nd7 19. Rc1 Qb6 20. Rg3 Ne5 21. Bxe5
dxe5 22. Ne3 g6 23. Nd2 h6 24. Ndc4 Qc5 25. h4 Rd8 26. Kd1 hxg5 27. hxg5 Bxe4
28. Ng4 Rh1+ 29. Kc2 Qxc4+ 0-1

[Event "?"]
[Site "?"]
[Date "????.??.??"]
[Round "?"]
[White "Daler, Neset"]
[Black "Kovarcik, Thomas"]
[Result "0-1"]
[WhiteElo "2068"]
[BlackElo "2222"]
[Annotator "3-15"]
[PlyCount "98"]
[EventDate "2004.08.10"]
[SourceDate "2004.08.10"]

1. e4 c6 2. d4 d5 3. Nc3 dxe4 4. Nxe4 Bf5 5. Ng3 Bg6 6. h4 h6 7. Nh3 e6 8. Bc4
Bd6 9. Bf4 Nf6 10. O-O O-O 11. c3 Nd5 12. Bxd5 cxd5 13. Qg4 Kh8 14. Rfe1 Bh7
15. Nh5 Rg8 16. Re3 Bf5 17. Qg3 Bxf4 18. Qxf4 Bg6 19. Qg4 Nd7 20. N3f4 Bf5 21.
Qf3 Qxh4 22. Qg3 Qxg3 23. Nxg3 Bh7 24. Rae1 b5 25. Nd3 Bxd3 26. Rxd3 Rgc8 27.
Rf3 Kg8 28. Nh5 a5 29. Rg3 g6 30. Nf4 Kg7 31. a3 b4 32. axb4 axb4 33. Nxe6+
fxe6 34. Rxe6 Nf8 35. Rd6 bxc3 36. bxc3 Rd8 37. Rb6 Rac8 38. f4 Rb8 39. Ra6
Rb1+ 40. Kh2 Rf1 41. Re3 Rxf4 42. Re5 Rf5 43. Re7+ Rf7 44. Re5 Rc7 45. Ra3 Nh7
46. Re6 Nf6 47. Raa6 Rf8 48. Ra3 Ne4 49. Raa6 Rf6 0-1

[Event "?"]
[Site "?"]
[Date "????.??.??"]
[Round "?"]
[White "Shea, Joseph"]
[Black "McInnes, Neil"]
[Result "0-1"]
[WhiteElo "1585"]
[BlackElo "1880"]
[Annotator "3-38"]
[PlyCount "100"]
[EventDate "2004.08.10"]
[SourceDate "2004.08.10"]

1. c4 f5 2. Nc3 Nf6 3. d4 e6 4. Bg5 Be7 5. Nf3 d6 6. e3 O-O 7. Bd3 Qe8 8. O-O
Bd8 9. Re1 e5 10. dxe5 dxe5 11. Bc2 c6 12. b4 Bc7 13. Bb3 Kh8 14. c5 Be6 15.
Bxf6 Rxf6 16. Qc2 Nd7 17. Ng5 Bxb3 18. Qxb3 e4 19. f4 exf3 20. Nxf3 Ne5 21.
Nxe5 Qxe5 22. g3 h5 23. Qb2 h4 24. Nd1 Qxb2 25. Nxb2 hxg3 26. hxg3 Bxg3 27. Re2
Be5 28. Rd1 Bxb2 29. Rxb2 Rf7 30. Rbd2 Re8 31. Kf2 Rfe7 32. Rd3 Kg8 33. a3 Kf7
34. Rd7 g5 35. Kf3 Kf6 36. Rxe7 Rxe7 37. Rd6+ Ke5 38. a4 g4+ 39. Kf2 a6 40. Kg3
Ke4 41. Kf2 Rh7 42. Rd4+ Ke5 43. a5 Rh2+ 44. Kf1 Rb2 45. Ke1 g3 46. Kf1 g2+ 47.
Kg1 Re2 48. Rd7 Ke4 49. Rg7 Kf3 50. Rg5 Re1+ 0-1

[Event "?"]
[Site "?"]
[Date "????.??.??"]
[Round "?"]
[White "Kilic, Mehmet"]
[Black "Benedetti, Fabrizo"]
[Result "0-1"]
[WhiteElo "1799"]
[BlackElo "2199"]
[Annotator "3-08"]
[PlyCount "160"]
[EventDate "2004.08.10"]
[SourceDate "2004.08.10"]

1. e4 c5 2. Nf3 Nc6 3. Be2 Nf6 4. d3 d6 5. O-O g6 6. c3 Bg7 7. Nbd2 O-O 8. Re1
e5 9. Nf1 d5 10. Ng3 h6 11. h3 Be6 12. Bf1 Qc7 13. Bd2 Rad8 14. Qc1 Kh7 15. Nh4
Ng8 16. Be2 Qe7 17. Nf3 f5 18. exf5 gxf5 19. Nh2 Nf6 20. Kh1 f4 21. Ngf1 Qd7
22. a3 Rg8 23. g4 fxg3 24. Nxg3 Bxh3 25. b4 Ng4 26. Nxg4 Bxg4 27. Bxg4 Qxg4 28.
Kg2 Rdf8 29. Qd1 Qg6 30. Qe2 Rf7 31. Rh1 Rgf8 32. Raf1 Rf3 33. b5 Nd8 34. d4
cxd4 35. cxd4 Qg4 36. Qe1 e4 37. Qc1 Ne6 38. Bxh6 Rxg3+ 39. fxg3 Qe2+ 40. Kg1
Rxf1+ 41. Qxf1 Qxf1+ 42. Kxf1 Bxh6 43. Rh5 Ng5 44. Rh2 Kg6 45. Rc2 Ne6 46. b6
axb6 47. Rb2 Nxd4 48. Rxb6+ Kg5 49. Rd6 Nf5 50. Rxd5 Kg4 51. Rb5 Nxg3+ 52. Ke1
Kf3 53. Rxb7 e3 54. a4 Nh5 55. Re7 Nf4 56. a5 Bf8 57. Rxe3+ Kxe3 58. a6 Bc5 59.
Kf1 Nd5 60. Kg2 Nb4 61. Kg3 Nxa6 62. Kg4 Ke4 63. Kg3 Nc7 64. Kg4 Nd5 65. Kg3
Bd6+ 66. Kg2 Ne3+ 67. Kf2 Bh2 68. Ke2 Bg3 69. Kd2 Nf5 70. Kc3 Kd5 71. Kd3 Bf2
72. Ke2 Bc5 73. Kf3 Ke5 74. Kg4 Ke4 75. Kg5 Be7+ 76. Kg4 Ne3+ 77. Kg3 Bg5 78.
Kf2 Bh4+ 79. Ke2 Nc4 80. Kf1 Kf3 0-1

[Event "?"]
[Site "?"]
[Date "????.??.??"]
[Round "?"]
[White "Przedmojski, Rafal"]
[Black "Durik, Peter"]
[Result "1-0"]
[WhiteElo "2370"]
[BlackElo "2127"]
[Annotator "3-02"]
[PlyCount "133"]
[SourceDate "2004.08.10"]

1. d4 Nf6 2. c4 g6 3. Nc3 d6 4. e4 Bg7 5. f3 O-O 6. Be3 e5 7. d5 Nh5 8. Qd2 f5
9. O-O-O f4 10. Bf2 Nd7 11. Kb1 a6 12. Nge2 b6 13. Nc1 Nc5 14. b4 Nb7 15. Bd3
Bd7 16. Bc2 a5 17. a3 Kh8 18. Kb2 Qe7 19. Bb3 Rfc8 20. Nd3 Qf8 21. Ra1 Qd8 22.
Rhc1 Qe8 23. Qd1 Bf8 24. Kb1 Rcb8 25. Ba4 Bxa4 26. Qxa4 Qc8 27. Qd1 Nd8 28. Kb2
Nf7 29. Nb5 Qd7 30. Rc2 Nd8 31. Kb1 Nb7 32. Raa2 Nd8 33. Nc3 Nf7 34. Nc1 Nd8
35. Qe2 Bg7 36. Nb3 Nb7 37. Nb5 Bf8 38. Be1 Be7 39. Rab2 Bd8 40. Bc3 Qe8 41.
Qe1 axb4 42. axb4 Ra6 43. Ra2 Rba8 44. Qe2 c6 45. Rxa6 Rxa6 46. dxc6 Qxc6 47.
Qd3 Be7 48. Qd5 Qc8 49. Ra2 Rxa2 50. Kxa2 Nf6 51. Qd3 h6 52. Nc1 Kh7 53. Kb3 h5
54. Qe2 Nd8 55. Qa2 Nc6 56. Na7 Qb7 57. Nxc6 Qxc6 58. Qa7 Nd7 59. Qa4 Qb7 60.
Be1 g5 61. Ne2 Nf6 62. Nc3 g4 63. Qb5 Kg6 64. Bf2 Bd8 65. Bh4 gxf3 66. gxf3
Nxe4 67. Qe8+ 1-0

[Event "?"]
[Site "?"]
[Date "????.??.??"]
[Round "?"]
[White "So, Kam"]
[Black "Geerts, Luc"]
[Result "0-1"]
[WhiteElo "1666"]
[BlackElo "1573"]
[Annotator "4-39"]
[PlyCount "94"]
[SourceDate "2004.08.11"]

1. e4 e5 2. f4 d6 3. Nf3 Nc6 4. Bc4 Be7 5. O-O Be6 6. Bxe6 fxe6 7. fxe5 d5 8.
exd5 Qxd5 9. d4 O-O-O 10. c3 Nh6 11. Bxh6 gxh6 12. Qc1 Rdg8 13. Qxh6 Rg6 14.
Qh3 Bg5 15. Nxg5 Rxg5 16. Qf3 Qb5 17. b3 Rf5 18. Qd1 Rhf8 19. Rxf5 Rxf5 20. Nd2
Qd3 21. Rc1 Ne7 22. Nf3 Qe3+ 23. Kh1 Nd5 24. Qd2 Rxf3 25. Qxe3 Rxe3 26. c4 Nc3
27. a4 Ne2 28. Rd1 Rxb3 29. h3 Rb4 30. d5 exd5 31. e6 Rxc4 32. Rxd5 Re4 33. Rd7
Rxe6 34. Rxh7 c5 35. a5 c4 36. Rh8+ Kc7 37. Rh7+ Kc6 38. a6 bxa6 39. Rxa7 c3
40. Rxa6+ Kd5 41. Ra2 Kc4 42. g4 Kb3 43. Ra8 Rc6 44. Re8 Nf4 45. Re3 Kb2 46.
Re4 Nxh3 47. Kg2 Ng5 0-1

[Event "?"]
[Site "?"]
[Date "????.??.??"]
[Round "?"]
[White "Parisse, Denis"]
[Black "Helbig, Mark"]
[Result "0-1"]
[WhiteElo "1960"]
[BlackElo "2305"]
[Annotator "4-20"]
[PlyCount "46"]
[SourceDate "2004.08.11"]

1. e4 e5 2. Nf3 d6 3. Bc4 c6 4. Nc3 Nd7 5. O-O Be7 6. d3 b5 7. Bb3 a6 8. Qe2
Ngf6 9. Nd1 O-O 10. Ne3 Nc5 11. Nd2 d5 12. f3 Re8 13. a3 Ne6 14. Kh1 Bc5 15.
Re1 h5 16. Ba2 h4 17. Nb3 Bb6 18. Nf5 g6 19. Ne3 Nh5 20. Nf1 Nef4 21. Qd2 Ng3+
22. Nxg3 hxg3 23. h3 Bxh3 0-1

[Event "?"]
[Site "?"]
[Date "????.??.??"]
[Round "?"]
[White "Vea, Odin"]
[Black "Adkins, James"]
[Result "1-0"]
[WhiteElo "2057"]
[BlackElo "1944"]
[Annotator "4-31"]
[PlyCount "63"]
[SourceDate "2004.08.11"]

1. e4 d5 2. exd5 Qxd5 3. Nc3 Qa5 4. b4 Qxb4 5. Rb1 Qd6 6. Nf3 c6 7. d4 Nf6 8.
g3 g6 9. Bg2 Bg7 10. O-O O-O 11. Bf4 Qd8 12. Re1 Nd5 13. Nxd5 cxd5 14. c4 e6
15. cxd5 Qxd5 16. Ne5 Qxa2 17. Re2 Qa5 18. Rc2 Bxe5 19. Bxe5 Nd7 20. Bc7 Qf5
21. g4 Qg5 22. f4 Qe7 23. Ba5 Qa3 24. Qd2 Re8 25. Bb4 Qa4 26. Ra2 Qb5 27. Rbb2
Nb8 28. Be7 Qd7 29. Bf6 e5 30. fxe5 Qxg4 31. Qh6 Qd1+ 32. Bf1 1-0